Obchodné záväzkové vzťahy.
Objasnenie všeobecných otázok tretej časti Obchodného zákonníka, obchodno-záväzkových vzťahov. Určenie obsahu obchodno-záväzkových vzťahov. Vzťahy, ktoré sa riadia Občianskym zákonníkom a vzťahy, ktoré sa riadia Obchodným zákonníkom. Spôsoby zániku záväzkov. Úprava dôsledkov porušenia zmluvných povi...
Salvato in:
| Autore principale: | |
|---|---|
| Natura: | Capitolo di libro |
| Lingua: | slovacco |
| Soggetti: | |
| Tags: |
Nessun Tag, puoi essere il primo ad aggiungerne!!
|
MARC
| LEADER | 00000naa a2200000 4500 | ||
|---|---|---|---|
| 001 | r007977 | ||
| 005 | 20220831085600.2 | ||
| 041 | 0 | |a slo | |
| 044 | |a [CS] | ||
| 245 | 1 | 0 | |a Obchodné záväzkové vzťahy. |c J. Dědič |
| 520 | |a Objasnenie všeobecných otázok tretej časti Obchodného zákonníka, obchodno-záväzkových vzťahov. Určenie obsahu obchodno-záväzkových vzťahov. Vzťahy, ktoré sa riadia Občianskym zákonníkom a vzťahy, ktoré sa riadia Obchodným zákonníkom. Spôsoby zániku záväzkov. Úprava dôsledkov porušenia zmluvných povinností, náhrady škody a premlčania. | ||
| 610 | 2 | 0 | |a právo obchodné |
| 610 | 2 | 0 | |a záväzky |
| 610 | 2 | 0 | |a obchod |
| 610 | 2 | 0 | |a predpisy právne |
| 610 | 2 | 0 | |a zákonník obchodný |
| 610 | 2 | 0 | |a zmluvy obchodné |
| 610 | 2 | 0 | |a vzťahy obchodné záväzkové |
| 100 | 1 | |a Dědič, J. | |